<?xml version="1.0" encoding="UTF-8"?>
<marc:record xmlns:marc="http://www.loc.gov/MARC21/slim">
   <marc:leader>00000nam a2200000 a 4500</marc:leader>
   <marc:datafield ind1="1" ind2=" " tag="100">
      <marc:subfield code="a">Braun, Bernhard</marc:subfield>
   </marc:datafield>
   <marc:datafield ind1="1" ind2=" " tag="100">
      <marc:subfield code="a">Niewiadomski, Jozef</marc:subfield>
   </marc:datafield>
   <marc:datafield ind1=" " ind2=" " tag="653">
      <marc:subfield code="a">s||Fundamentalismus</marc:subfield>
   </marc:datafield>
   <marc:datafield ind1=" " ind2=" " tag="653">
      <marc:subfield code="a">f||Aufsatzsammlung</marc:subfield>
   </marc:datafield>
   <marc:datafield ind1=" " ind2=" " tag="653">
      <marc:subfield code="a">s||Bibel</marc:subfield>
   </marc:datafield>
   <marc:datafield ind1="0" ind2="0" tag="245">
      <marc:subfield code="a">Eindeutige Antworten?</marc:subfield>
   </marc:datafield>
   <marc:datafield ind1="0" ind2="0" tag="245">
      <marc:subfield code="b">Fundamentalistische Versuchung in Religion und Gesellsc</marc:subfield>
   </marc:datafield>
   <marc:datafield ind1="0" ind2="0" tag="245">
      <marc:subfield code="c">Józef Niewiadomski (Hg.). Mit Beitr. von B. Braun ...</marc:subfield>
   </marc:datafield>
   <marc:datafield ind1=" " ind2="1" tag="264">
      <marc:subfield code="a">Thaur</marc:subfield>
      <marc:subfield code="b">Österr. Kulturverl.</marc:subfield>
      <marc:subfield code="c">1988</marc:subfield>
   </marc:datafield>
   <marc:datafield ind1="1" ind2=" " tag="490">
      <marc:subfield code="a">Theologische Trends ; 1</marc:subfield>
      <marc:subfield code="v">1</marc:subfield>
   </marc:datafield>
   <marc:datafield ind1="1" ind2=" " tag="520">
      <marc:subfield code="a">Kann man in der Bibel auf alle Fragen klare  und eindeutige Anworten finden? Fundamenta-&lt;br/&gt;listische Kreise glauben dies? Wie kommt es, &lt;br/&gt;daß trotz aller wissenschaftlicher Kritik der  Fundamentalismus in unserer Welt eine derart  große Bedeutung erlangt? Diese beschränkt  sich nicht nur auf Glaubensfragen. Ob in den  USA oder im Iran - die Fundamentalisten üben  einen starken Einfluß auch auf die Politik  aus. Doch was haben sie gemeinsam: die Fun-&lt;br/&gt;damentalisten um Reagan, die aus dem Iran,  oder aber die grünen Fundamentalisten in  Europa? Gibt es Fundamentalisten in der  katholischen Kirche? Wie ist die Bewegung um  Marcel Lefebvre zu beurteilen?&lt;br/&gt;Das Buch versucht die vielfältigen Spuren  fundamentalistischer Versuchung der Gegenwart  zu beleuchten. In einem biblischen und einem  systematischen Teil werden ihre Grundprobleme  behandelt.&lt;br/&gt; </marc:subfield>
   </marc:datafield>
   <marc:datafield ind1=" " ind2=" " tag="020">
      <marc:subfield code="a">9783853951200</marc:subfield>
      <marc:subfield code="9">9783853951200</marc:subfield>
   </marc:datafield>
   <marc:datafield ind1=" " ind2=" " tag="020">
      <marc:subfield code="a">3853951209</marc:subfield>
      <marc:subfield code="9">3853951209</marc:subfield>
   </marc:datafield>
   <marc:datafield ind1=" " ind2=" " tag="041">
      <marc:subfield code="a">ger</marc:subfield>
   </marc:datafield>
   <marc:datafield ind1=" " ind2=" " tag="500">
      <marc:subfield code="a">Literaturverz. S. 205 - 207. - Literaturangaben</marc:subfield>
   </marc:datafield>
   <marc:datafield ind1="1" ind2=" " tag="521">
      <marc:subfield code="a">0</marc:subfield>
   </marc:datafield>
   <marc:datafield ind1=" " ind2=" " tag="300">
      <marc:subfield code="a">210 S.; 21 cm</marc:subfield>
   </marc:datafield>
</marc:record>
